Slovar' geografičeskich nazvanij zarubežnych stran

Salvato in:
Dettagli Bibliografici
Natura: Libro
Lingua:russo
Pubblicazione: Moskva Nedra 1986
Edizione:3. pererab. i dopol. izd.
Tags: Aggiungi Tag
Nessun Tag, puoi essere il primo ad aggiungerne!!

MARC

LEADER 00000nam a2200000 4500
001 c023416
005 20260116072339.4
041 0 |a rus 
044 |a RU 
245 1 0 |a Slovar' geografičeskich nazvanij zarubežnych stran 
250 |a 3. pererab. i dopol. izd. 
264 1 |a Moskva  |b Nedra  |c 1986 
300 |a 459 s.